000 00741nam a2200241Ia 4500
003 OSt
005 20220923212648.0
006 a|||||r|||| 00| 0
007 ta
008 220922b |||||||| |||| 00| 0 hin d
024 _a155,011
037 _cTextual
040 _aARTS
_cARTS
_bhin
041 _2hin
_ahin
082 _aO15,1:g, 152M2
100 _aकाले, मनोहर
245 0 _aभारतीय नाट्य सौन्दर्य
246 _aBhāratīya nāṭya saundarya
260 _aदिल्ली
_b दीर्ध प्रकाशन
_c1982
300 _a206 पृ.
_ccm.
942 _hO15,1:g, 152M2
_cTEXL
_2CC
999 _c310598
_d310598